| 000 | 01384nam a22002897a 4500 | ||
|---|---|---|---|
| 001 | 6924 | ||
| 003 | FISKH | ||
| 005 | 20250610082622.0 | ||
| 008 | 250610b cb ||||| |||| 00| 0 eng d | ||
| 020 | _a9780201322170 | ||
| 040 |
_aFISKH _beng _cFISKH _dFISKH |
||
| 050 | _aPZ7 | ||
| 082 | _a398.2 | ||
| 100 | _aTovey, Madge | ||
| 245 |
_aGoldilocks and the three bears / _cRewritten by Madge Tovey ; Illustrated by Suzanne Smith |
||
| 260 |
_aUnited State : _bElectronic Education, _c2000. |
||
| 300 |
_a22 pages : _bcolor illstrations ; _c20 x 28 cm |
||
| 505 | _aH | ||
| 520 | _aThis retelling of the classic tale follows a little girl named Goldilocks who wanders into the forest and finds a house belonging to three bears—Papa Bear, Mama Bear, and Baby Bear. While the bears are out, Goldilocks goes inside and tries out their porridge, chairs, and beds. She finds that Baby Bear’s things are always “just right” and uses them. When the bears return home, they discover someone has been eating their food, sitting in their chairs, and sleeping in their beds. Goldilocks wakes up, sees the bears, and runs away. | ||
| 521 | 8 |
_a430
_bLexile estimate |
|
| 521 | 8 |
_aH
_bRaz-Plus KSP |
|
| 650 |
_aBears _vCause and Effect |
||
| 650 |
_aFairy Tales _vNursery Rhymes |
||
| 700 |
_aSmith, Suzanne _eillustrator |
||
| 942 |
_2ddc _cBK _n0 |
||
| 999 |
_c6924 _d6924 |
||